Economic survey of Rhodesia /
Tallennettuna:
| Uusi nimeke: | Economic survey of Zimbabwe Rhodesia |
|---|---|
| Yhteisötekijä: | |
| Aineistotyyppi: | Kausijulkaisu |
| Kieli: | English |
| Julkaistu: |
Salisbury,
Govt. Printer.
|
| Sarja: | C.S.R.
Cmd. R.R. |
| Aiheet: |
| LEADER | 01417nas a2200433 a 4500 | ||
|---|---|---|---|
| 001 | c000182401 | ||
| 003 | CARM | ||
| 005 | 20050420152011.0 | ||
| 008 | 750501d19651977rh ar s f0 a0eng | ||
| 010 | |a 73647476 //r842 | ||
| 019 | 1 | |a 973365 |5 LACONCORD2021 | |
| 035 | |a (OCoLC)1789585 |5 LACONCORD2021 | ||
| 040 | |a LC |b eng |c LC |d NSL:R | ||
| 042 | |a lc | ||
| 043 | |a f-rh--- | ||
| 050 | 0 | 0 | |a JQ2921.A2 |b A3 |
| 050 | 0 | 0 | |a HC517.R43 |b R484a |
| 082 | 1 | 4 | |a 330.9/698/104 |2 19 |
| 082 | 0 | 4 | |a 330.9/698/104 |
| 245 | 0 | 0 | |a Economic survey of Rhodesia / |c Ministry of Finance. |
| 260 | |a Salisbury, |b Govt. Printer. | ||
| 300 | |a 13 v. ; |c 26-30 cm. | ||
| 362 | 0 | |a -1977. | |
| 362 | 1 | |a Began in 1965. |z Cf. New serial titles. | |
| 490 | 1 | |a <1966->: C.S.R. | |
| 490 | 1 | |a <1973->: Cmd. R.R. |l (JQ2921.A2A3) | |
| 515 | |a Vol. for 1975 lacks series statement. | ||
| 651 | 0 | |a Zimbabwe |x Economic conditions |x Periodicals. | |
| 710 | 1 | |a Southern Rhodesia. |b Ministry of Finance. | |
| 760 | 0 | |t Cmd. R.R. | |
| 760 | 0 | |t C.S.R. | |
| 785 | 0 | 0 | |t Economic survey of Zimbabwe Rhodesia |
| 830 | 0 | |a C.S.R. | |
| 830 | 0 | |a Cmd. R.R. | |
| 852 | 8 | |b CARM |h A1:AR26C0 |i D07770 |p 0249970 |f SE | |
| 866 | 0 | |a 1975-1979 | |
| 866 | 0 | |a 1975-1979 | |
| 999 | f | f | |i 8e093fac-cef1-59e7-b7de-d7655d52774c |s 24ac005c-99c8-5e6e-9c88-88bbbb3dbda3 |
| 952 | f | f | |p Can circulate |a CAVAL |b CAVAL |c CAVAL |d CARM 1 Store |e D07770 |f A1:AR26C0 |h Other scheme |i book |k 1975-1979 |m 0249970 |